Vybrané sociologické aspekty bezpečnostních rizik
Otázky všeobecného chápania rizika. Sociologický pohľad na riziko ako sociálny fenomén. Bezpečnostné riziká ako špecifický druh sociálnych rizík. Praktické problémy analýzy bezpečnostných rizík.
Enregistré dans:
| Auteur principal: | |
|---|---|
| Format: | Chapitre de livre |
| Langue: | tchèque |
| Sujets: | |
| Tags: |
Pas de tags, Soyez le premier à ajouter un tag!
|
MARC
| LEADER | 00000naa a2200000 4500 | ||
|---|---|---|---|
| 001 | r045428 | ||
| 005 | 20230927112705.3 | ||
| 041 | 0 | |a cze | |
| 044 | |a CZ | ||
| 245 | 1 | 0 | |a Vybrané sociologické aspekty bezpečnostních rizik |c František Škvrnda |
| 520 | |a Otázky všeobecného chápania rizika. Sociologický pohľad na riziko ako sociálny fenomén. Bezpečnostné riziká ako špecifický druh sociálnych rizík. Praktické problémy analýzy bezpečnostných rizík. | ||
| 610 | 2 | 0 | |a riziko politické |
| 610 | 2 | 0 | |a riziko bezpečnostné |
| 610 | 2 | 0 | |a sociológia |
| 610 | 2 | 0 | |a pojmy |
| 610 | 2 | 0 | |a bezpečnosť |
| 610 | 2 | 0 | |a politika bezpečnostná |
| 100 | 1 | |a Škvrnda, František | |